Statistics for Top 10 Austria's Eurovision entries

Click here to take the quiz!

General Stats

  • This quiz has been taken 7 times
  • The average score is 2 of 10

Answer Stats

HintAnswer% Correct
1º (290 pt.)Rise like a Phoenix (2014)
100%
Nobody but You (2018)
50%
1º (31 pt.)Mercie, Chérie (1966)
17%
5º (97 pt.)Nur ein Lied (1989)
17%
Sag ihr, ich laß sie grüßen (1965)
17%
6º (11 pt.)Warum nur, warum? (1964)
17%
6º (101 pt.)Weil der Mensch zählt (2003)
17%
5º (8 pt.)Die ganze Welt braucht Liebe (1958)
0%
5º (100 pt.)Falter im Wind (1972)
0%
5º (80 pt.)My Little World (1976)
0%

Score Distribution

Percentile by Number Answered

Percent of People with Each Score

Your Score History

You have not taken this quiz